Les featurings de Ninho - Mort subite - Statistiques

Statistiques générales
  • Ce quiz a été pris 562 fois
    348 depuis la dernière actualisation
  • Le résultat moyen est 10 sur 15
Answers on the Grid
Answers color-coded by a green-red scale on the quiz's grid according to % correct below.
Leto
Jul
SCH
Werenoi
PLK
Dinos
Amy
Niska
Zola
Gazo
Dadju
Maes
Black M
La Fouine
Lartiste
Kaaris
Booba
Népal
Alpha Wann
Vald
Laylow
Damso
 
Statistiques - réponses
Réponse % Correct
Niska
87%
Leto
83%
Jul
82%
Maes
81%
Werenoi
80%
Dadju
78%
Gazo
78%
SCH
78%
Zola
78%
Damso
70%
PLK
67%
Dinos
51%
La Fouine
50%
Amy
32%
Lartiste
22%
Aucun quiz correspondant
Distribution des résultats
% des personnes avec chaque résultat
Percentile par nombre de réponses
Votre historique - résultats
Vous n’avez pas pris ce quiz depuis la dernière actualisation